[Event "GX Alekhine Open de Inverno 2023"]
[Site "Lisboa, Portugal"]
[Date "????.??.??"]
[Round "4.2"]
[White "Morais, Vitor Mestre"]
[Black "Ramos, Caetano Da Motta Lima S"]
[Result "0-1"]
[WhiteElo "1716"]
[BlackElo "1655"]
[PlyCount "86"]
[Source "Analyze This Pro"]

1. c4 {[%emt 0:00:01]} e6 {[%emt 0:10:59]} 2. Nc3 {[%emt 0:00:26]} d5 3. e3 {[%emt 0:00:18]} Nf6 {[%emt 0:00:48]} 4. Nf3 {[%emt 0:00:06]} c5 {[%emt 0:00:15]} 5. cxd5 {[%emt 0:00:40]} Nxd5 {[%emt 0:01:52]} 6. Be2 {[%emt 0:00:09]} Nc6 {[%emt 0:01:44]} 7. O-O {[%emt 0:00:08]} Be7 {[%emt 0:02:45]} 8. a3 {[%emt 0:00:10]} O-O {[%emt 0:01:25]} 9. Qc2 {[%emt 0:00:29]} Bf6 {[%emt 0:09:48]} 10. Ne4 {[%emt 0:01:50]} b6 {[%emt 0:01:16]} 11. Nxf6+ {[%emt 0:00:30]} Qxf6 {[%emt 0:00:06]} 12. d4 {[%emt 0:00:20]} Bb7 {[%emt 0:02:54]} 13. dxc5 {[%emt 0:00:12]} Rfc8 {[%emt 0:03:07]} 14. cxb6 {[%emt 0:03:21]} Nd4 {[%emt 0:01:11]} 15. Qd1 {[%emt 0:00:15]} Nxe2+ {[%emt 0:00:07]} 16. Qxe2 {[%emt 0:00:09]} axb6 {[%emt 0:00:03]} 17. Rd1 {[%emt 0:01:09]} Qg6 {[%emt 0:04:53]} 18. Bd2 {[%emt 0:02:13]} Rc2 {[%emt 0:01:51]} 19. Rab1 {[%emt 0:00:19]} Rd8 {[%emt 0:01:18]} 20. Ne1 {[%emt 0:00:41]} h5 {[%emt 0:05:35]} 21. f3 {[%emt 0:01:04]} Nxe3 {[%emt 0:08:29]} 22. Qxe3 {[%emt 0:01:32]} Rdxd2 {[%emt 0:01:03]} 23. Rxd2 {[%emt 0:00:25]} Rxd2 {[%emt 0:00:04]} 24. Qxd2 {[%emt 0:00:27]} Qxb1 {[%emt 0:00:06]} 25. Qd8+ {[%emt 0:00:45]} Kh7 {[%emt 0:00:04]} 26. Qd3+ {[%emt 0:00:07]} Qxd3 {[%emt 0:00:04]} 27. Nxd3 {[%emt 0:00:10]} Kg6 {[%emt 0:01:36]} 28. Kf2 {[%emt 0:00:08]} Kf5 {[%emt 0:00:23]} 29. Ke3 {[%emt 0:00:06]} e5 {[%emt 0:01:14]} 30. g3 {[%emt 0:00:26]} g5 {[%emt 0:01:58]} 31. b4 {[%emt 0:00:13]} Bc6 {[%emt 0:00:51]} 32. Nf2 {[%emt 0:00:18]} Ke6 {[%emt 0:07:26]} 33. Ne4 {[%emt 0:00:25]} Bxe4 {[%emt 0:00:45]} 34. fxe4 {[%emt 0:00:11]} b5 {[%emt 0:00:05]} 35. Kd3 {[%emt 0:00:25]} f5 {[%emt 0:05:33]} 36. exf5+ {[%emt 0:00:56]} Kxf5 {[%emt 0:00:06]} 37. Ke3 {[%emt 0:00:11]} e4 {[%emt 0:00:30]} 38. Kd4 {[%emt 0:00:10]} g4 {[%emt 0:00:09]} 39. a4 {[%emt 0:03:53]} bxa4 {[%emt 0:00:06]} 40. b5 {[%emt 0:00:06]} a3 {[%emt 0:00:17]} 41. Kc3 {[%emt 0:00:06]} Ke5 {[%emt 0:00:53]} 42. Kb3 {[%emt 0:04:43]} e3 {[%emt 0:00:19]} 43. b6 {[%emt 0:00:08]} Kd6 0-1

[Event "GX Alekhine Open de Inverno 2023"]
[Site "Lisboa, Portugal"]
[Date "????.??.??"]
[Round "4.4"]
[White "Santos, Alexandre Vital"]
[Black "Correia, Pedro MourÃ£o Soares"]
[Result "0-1"]
[WhiteElo "1657"]
[BlackElo "1458"]
[PlyCount "112"]
[Source "Analyze This Pro"]

1. e4 {[%emt 0:03:39]} d5 {[%emt 0:14:02]} 2. exd5 {[%emt 0:00:14]} Nf6 {[%emt 0:00:05]} 3. c4 {[%emt 0:01:09]} e6 {[%emt 0:00:07]} 4. dxe6 {[%emt 0:01:05]} Bxe6 {[%emt 0:02:12]} 5. Nf3 {[%emt 0:01:54]} Nc6 {[%emt 0:01:13]} 6. d4 {[%emt 0:00:43]} Bb4+ {[%emt 0:00:20]} 7. Nc3 {[%emt 0:00:28]} Qe7 {[%emt 0:01:35]} 8. Be3 {[%emt 0:01:23]} Ne4 {[%emt 0:08:18]} 9. Qc2 {[%emt 0:05:55]} Bf5 {[%emt 0:03:12]} 10. Bd3 {[%emt 0:01:05]} O-O {[%emt 0:05:40]} 11. O-O {[%emt 0:01:06]} Bxc3 {[%emt 0:01:52]} 12. bxc3 {[%emt 0:00:37]} Rfe8 {[%emt 0:04:05]} 13. Rfe1 {[%emt 0:00:42]} Qf6 {[%emt 0:08:17]} 14. Nd2 {[%emt 0:02:34]} Nd6 {[%emt 0:09:08]} 15. f3 {[%emt 0:01:41]} Qg6 {[%emt 0:05:03]} 16. Bxf5 {[%emt 0:04:38]} Nxf5 {[%emt 0:01:46]} 17. Bf2 {[%emt 0:02:17]} h5 {[%emt 0:03:12]} 18. Ne4 {[%emt 0:01:42]} h4 {[%emt 0:04:53]} 19. Rab1 {[%emt 0:02:55]} b6 {[%emt 0:03:58]} 20. Rb5 {[%emt 0:01:33]} Rad8 {[%emt 0:02:37]} 21. Rd5 {[%emt 0:09:13]} Rxd5 {[%emt 0:00:53]} 22. cxd5 {[%emt 0:04:40]} Nce7 {[%emt 0:01:10]} 23. Qa4 {[%emt 0:01:23]} Rd8 {[%emt 0:02:44]} 24. c4 {[%emt 0:01:29]} a5 {[%emt 0:02:42]} 25. Qa3 {[%emt 0:01:45]} Qh6 {[%emt 0:05:09]} 26. Qc3 {[%emt 0:04:52]} Ng6 {[%emt 0:00:32]} 27. c5 {[%emt 0:03:55]} Nf4 {[%emt 0:02:16]} 28. d6 {[%emt 0:06:21]} Qg6 {[%emt 0:02:01]} 29. g3 {[%emt 0:01:01]} cxd6 {[%emt 0:01:25]} 30. cxb6 {[%emt 0:04:20]} hxg3 {[%emt 0:02:55]} 31. Bxg3 {[%emt 0:06:17]} Nh5 32. Qc7 {[%emt 0:03:44]} Rf8 33. Kf2 {[%emt 0:04:37]} d5 34. Bd6 {[%emt 0:05:36]} Nxd6 35. Nxd6 Nf4 36. b7 Nd3+ {[%emt 0:05:30]} 37. Kf1 {[%emt 0:02:19]} Nxe1 {[%emt 0:00:20]} 38. b8=Q {[%emt 0:00:48]} Qd3+ {[%emt 0:00:35]} 39. Kxe1 {[%emt 0:00:33]} Qe3+ {[%emt 0:00:39]} 40. Kd1 {[%emt 0:00:21]} Qxd4+ {[%emt 0:00:30]} 41. Kc1 {[%emt 0:00:18]} Rxb8 {[%emt 0:00:35]} 42. Qxb8+ {[%emt 0:01:05]} Kh7 {[%emt 0:00:20]} 43. Qb1+ {[%emt 0:00:02]} Kg8 {[%emt 0:00:30]} 44. Qb8+ {[%emt 0:01:47]} Kh7 {[%emt 0:04:26]} 45. Ne8 {[%emt 0:00:09]} Qc3+ {[%emt 0:00:43]} 46. Kb1 Qe1+ {[%emt 0:01:06]} 47. Kb2 d4 48. Nd6 {[%emt 0:02:02]} Qc3+ {[%emt 0:00:30]} 49. Kb1 {[%emt 0:00:03]} Qe1+ 50. Kb2 d3 51. Ne4 Qe2+ 52. Ka3 Qe1 {[%emt 0:03:26]} 53. Kb2 Qe2+ {[%emt 0:01:10]} 54. Ka3 Qe3 {[%emt 0:00:27]} 55. Qb3 Qd4 {[%emt 0:01:08]} 56. Qxf7 {[%emt 0:00:25]} Qb4# 0-1

[Event "GX Alekhine Open de Inverno 2023"]
[Site "Lisboa, Portugal"]
[Date "????.??.??"]
[Round "5.2"]
[White "Batista, Sandro Manuel Almeida"]
[Black "Gorgojo Freijo, Diego"]
[Result "0-1"]
[WhiteElo "1639"]
[BlackElo "1874"]
[PlyCount "92"]
[Source "Analyze This Pro"]

1. e4 {[%emt 0:00:10]} c5 {[%emt 0:00:11]} 2. Nf3 {[%emt 0:02:01]} e6 {[%emt 0:00:10]} 3. d4 {[%emt 0:00:15]} cxd4 {[%emt 0:00:07]} 4. Nxd4 {[%emt 0:00:12]} a6 {[%emt 0:00:22]} 5. Bd3 {[%emt 0:00:54]} Nc6 {[%emt 0:00:32]} 6. Nxc6 {[%emt 0:00:40]} dxc6 {[%emt 0:00:08]} 7. O-O {[%emt 0:01:00]} e5 {[%emt 0:00:13]} 8. Nd2 {[%emt 0:00:54]} Nf6 {[%emt 0:00:41]} 9. Nc4 {[%emt 0:00:19]} Bg4 {[%emt 0:03:45]} 10. Qe1 {[%emt 0:01:44]} Nd7 {[%emt 0:02:37]} 11. f4 {[%emt 0:01:58]} Bc5+ {[%emt 0:01:16]} 12. Kh1 {[%emt 0:00:06]} b5 {[%emt 0:12:26]} 13. Ne3 {[%emt 0:05:57]} Bh5 {[%emt 0:00:19]} 14. Nf5 {[%emt 0:04:37]} O-O {[%emt 0:05:35]} 15. Qg3 {[%emt 0:02:38]} Bg6 {[%emt 0:01:07]} 16. fxe5 {[%emt 0:06:57]} Re8 {[%emt 0:10:48]} 17. Bf4 {[%emt 0:04:02]} Nf8 {[%emt 0:10:24]} 18. Rad1 {[%emt 0:10:20]} Ne6 {[%emt 0:05:38]} 19. Be2 {[%emt 0:07:44]} Qb6 {[%emt 0:09:20]} 20. h4 {[%emt 0:03:47]} Rad8 {[%emt 0:07:58]} 21. h5 {[%emt 0:01:54]} Bxf5 {[%emt 0:01:37]} 22. exf5 {[%emt 0:01:11]} Nd4 {[%emt 0:02:32]} 23. Bd3 {[%emt 0:02:49]} Bf8 {[%emt 0:01:26]} 24. f6 {[%emt 0:01:36]} Ne6 {[%emt 0:05:07]} 25. Bh6 {[%emt 0:08:36]} g6 {[%emt 0:01:25]} 26. Bxf8 {[%emt 0:01:56]} Nxf8 {[%emt 0:02:00]} 27. Qg5 {[%emt 0:02:38]} Rxe5 {[%emt 0:02:13]} 28. Qxe5 {[%emt 0:04:00]} Rd5 {[%emt 0:00:53]} 29. Qxd5 {[%emt 0:02:00]} cxd5 {[%emt 0:00:11]} 30. hxg6 {[%emt 0:00:34]} hxg6 {[%emt 0:00:41]} 31. Rde1 {[%emt 0:01:42]} Ne6 {[%emt 0:03:21]} 32. Re5 {[%emt 0:02:24]} Qd4 {[%emt 0:01:08]} 33. Rfe1 {[%emt 0:00:55]} Qh4+ {[%emt 0:00:51]} 34. Kg1 {[%emt 0:00:08]} Qxf6 {[%emt 0:03:15]} 35. Rxd5 {[%emt 0:00:17]} Nf4 {[%emt 0:01:25]} 36. Re8+ {[%emt 0:00:51]} Kg7 {[%emt 0:00:26]} 37. Rdd8 {[%emt 0:00:20]} Nxd3 {[%emt 0:00:48]} 38. cxd3 {[%emt 0:00:16]} Qxb2 {[%emt 0:00:19]} 39. d4 {[%emt 0:00:14]} Qxa2 {[%emt 0:02:33]} 40. d5 {[%emt 0:00:09]} b4 {[%emt 0:00:26]} 41. d6 {[%emt 0:00:01]} Qd5 {[%emt 0:01:33]} 42. d7 {[%emt 0:00:56]} b3 {[%emt 0:00:53]} 43. Re5 {[%emt 0:02:28]} Qxe5 {[%emt 0:02:05]} 44. Rg8+ {[%emt 0:00:41]} Kxg8 {[%emt 0:00:14]} 45. d8=Q+ {[%emt 0:00:16]} Kg7 {[%emt 0:00:06]} 46. Qd1 {[%emt 0:00:25]} Qc3 {[%emt 0:00:28]} 0-1

[Event "GX Alekhine Open de Inverno 2023"]
[Site "Lisboa, Portugal"]
[Date "????.??.??"]
[Round "5.3"]
[White "Silva, LourenÃ§o Santa Clara Co"]
[Black "Marques, GonÃ§alo JosÃ© Costa Ca"]
[Result "1/2-1/2"]
[WhiteElo "1749"]
[BlackElo "1473"]
[PlyCount "84"]
[Source "Analyze This Pro"]

1. e4 {[%emt 0:00:09]} e5 {[%emt 0:00:05]} 2. Nf3 {[%emt 0:00:07]} Nc6 {[%emt 0:00:03]} 3. Bb5 {[%emt 0:00:08]} a6 {[%emt 0:00:09]} 4. Ba4 {[%emt 0:00:04]} Nf6 {[%emt 0:00:04]} 5. O-O {[%emt 0:00:05]} Be7 {[%emt 0:00:03]} 6. Re1 {[%emt 0:00:05]} b5 {[%emt 0:00:05]} 7. Bb3 {[%emt 0:00:02]} O-O {[%emt 0:00:07]} 8. a4 {[%emt 0:00:03]} b4 {[%emt 0:02:29]} 9. d3 {[%emt 0:00:06]} Bb7 {[%emt 0:00:04]} 10. Nbd2 {[%emt 0:00:11]} d6 {[%emt 0:00:20]} 11. Nf1 {[%emt 0:00:58]} h6 {[%emt 0:01:42]} 12. Ne3 {[%emt 0:00:47]} Re8 {[%emt 0:01:14]} 13. Nf5 {[%emt 0:01:21]} Bf8 {[%emt 0:00:07]} 14. N3h4 {[%emt 0:02:27]} Ne7 {[%emt 0:01:28]} 15. Qf3 {[%emt 0:06:23]} c5 {[%emt 0:06:12]} 16. Nxh6+ {[%emt 0:01:24]} gxh6 {[%emt 0:00:55]} 17. Qxf6 {[%emt 0:00:05]} d5 {[%emt 0:10:31]} 18. Qxe5 {[%emt 0:00:28]} Ng6 {[%emt 0:01:01]} 19. Nxg6 {[%emt 0:03:41]} Rxe5 {[%emt 0:00:42]} 20. Nxe5 {[%emt 0:00:05]} Bg7 {[%emt 0:13:24]} 21. Bxd5 {[%emt 0:02:45]} Bxd5 {[%emt 0:01:09]} 22. exd5 {[%emt 0:00:05]} Qxd5 {[%emt 0:00:53]} 23. Nc4 {[%emt 0:01:27]} Qc6 {[%emt 0:04:18]} 24. Bf4 {[%emt 0:01:40]} Re8 {[%emt 0:07:41]} 25. Be5 {[%emt 0:06:06]} Bxe5 {[%emt 0:06:43]} 26. Nxe5 {[%emt 0:01:23]} Qf6 {[%emt 0:00:12]} 27. Nc4 {[%emt 0:00:17]} Qd8 {[%emt 0:00:33]} 28. Kf1 {[%emt 0:02:50]} Rxe1+ {[%emt 0:02:31]} 29. Rxe1 {[%emt 0:00:24]} b3 {[%emt 0:00:45]} 30. Ke2 {[%emt 0:08:20]} Qe8+ {[%emt 0:04:15]} 31. Kd2 {[%emt 0:00:29]} Qxa4 {[%emt 0:00:29]} 32. cxb3 {[%emt 0:02:42]} Qxb3 {[%emt 0:01:44]} 33. Ra1 {[%emt 0:01:59]} Qb7 {[%emt 0:02:13]} 34. f3 {[%emt 0:01:34]} Qc7 {[%emt 0:06:04]} 35. g3 {[%emt 0:06:05]} Qb7 {[%emt 0:00:32]} 36. Ke2 {[%emt 0:00:57]} Qe7+ {[%emt 0:01:19]} 37. Kf2 {[%emt 0:00:23]} Qd7 {[%emt 0:03:47]} 38. Ra3 {[%emt 0:01:24]} Qb7 {[%emt 0:01:45]} 39. Ra5 {[%emt 0:01:21]} Qd7 {[%emt 0:01:56]} 40. Ra3 {[%emt 0:00:29]} Qb7 {[%emt 0:00:22]} 41. Ra5 {[%emt 0:00:10]} Qd7 {[%emt 0:01:01]} 42. Ra3 {[%emt 0:00:20]} Qb7 {[%emt 0:00:28]} 1/2-1/2

[Event "GX Alekhine Open de Inverno 2023"]
[Site "Lisboa, Portugal"]
[Date "????.??.??"]
[Round "5.1"]
[White "Ramos, Caetano Da Motta Lima S"]
[Black "Curado, Manuel Joao Ferro"]
[Result "1-0"]
[WhiteElo "1655"]
[BlackElo "1713"]
[PlyCount "55"]
[Source "Analyze This Pro"]

1. e4 {[%emt 0:00:01]} c5 {[%emt 0:00:22]} 2. c3 {[%emt 0:00:07]} d5 {[%emt 0:00:31]} 3. exd5 {[%emt 0:00:08]} Qxd5 {[%emt 0:00:11]} 4. d4 {[%emt 0:00:05]} Nf6 {[%emt 0:02:19]} 5. Nf3 {[%emt 0:00:41]} Bg4 {[%emt 0:07:30]} 6. Be2 {[%emt 0:02:38]} e6 {[%emt 0:03:04]} 7. O-O {[%emt 0:06:43]} Be7 {[%emt 0:01:51]} 8. h3 {[%emt 0:02:24]} Bh5 {[%emt 0:01:47]} 9. dxc5 {[%emt 0:05:37]} Qxd1 {[%emt 0:05:47]} 10. Rxd1 {[%emt 0:00:15]} Bxc5 {[%emt 0:04:25]} 11. b4 {[%emt 0:05:54]} Be7 {[%emt 0:01:40]} 12. Bf4 {[%emt 0:06:43]} O-O {[%emt 0:02:29]} 13. b5 {[%emt 0:06:11]} Nbd7 {[%emt 0:13:01]} 14. Bd6 {[%emt 0:04:00]} Bxd6 {[%emt 0:03:50]} 15. Rxd6 {[%emt 0:00:06]} Nc5 {[%emt 0:01:20]} 16. Nbd2 {[%emt 0:11:51]} Rfd8 {[%emt 0:04:10]} 17. Rxd8+ {[%emt 0:02:33]} Rxd8 {[%emt 0:00:02]} 18. c4 {[%emt 0:01:35]} Rxd2 {[%emt 0:13:24]} 19. Nxd2 {[%emt 0:00:22]} Bxe2 {[%emt 0:00:03]} 20. f3 {[%emt 0:02:29]} Nd3 {[%emt 0:03:45]} 21. Rb1 {[%emt 0:04:09]} Nd7 {[%emt 0:03:42]} 22. Ne4 {[%emt 0:06:38]} N3c5 {[%emt 0:04:39]} 23. Re1 {[%emt 0:02:05]} Bd3 {[%emt 0:04:31]} 24. Nd6 {[%emt 0:01:30]} Kf8 {[%emt 0:03:14]} 25. Rd1 {[%emt 0:04:25]} Ke7 {[%emt 0:00:46]} 26. Nxb7 {[%emt 0:01:01]} Nxb7 {[%emt 0:05:16]} 27. Rxd3 {[%emt 0:00:03]} Nbc5 {[%emt 0:03:42]} 28. Ra3 {[%emt 0:06:10]} 1-0

[Event "GX Alekhine Open de Inverno 2023"]
[Site "Lisboa, Portugal"]
[Date "????.??.??"]
[Round "5.4"]
[White "Correia, Pedro MourÃ£o Soares"]
[Black "Dias, Antonio Alberto"]
[Result "0-1"]
[WhiteElo "1458"]
[BlackElo "1702"]
[PlyCount "88"]
[Source "Analyze This Pro"]

1. e4 {[%emt 0:13:10]} e5 {[%emt 0:00:59]} 2. Nf3 {[%emt 0:00:11]} Nf6 {[%emt 0:00:06]} 3. Nc3 {[%emt 0:00:11]} Bb4 {[%emt 0:00:07]} 4. Bc4 {[%emt 0:03:32]} d6 {[%emt 0:01:54]} 5. Qe2 {[%emt 0:05:25]} O-O {[%emt 0:00:56]} 6. a3 {[%emt 0:03:21]} Bxc3 {[%emt 0:02:06]} 7. dxc3 {[%emt 0:01:59]} Bg4 {[%emt 0:01:48]} 8. h3 {[%emt 0:05:17]} Bh5 {[%emt 0:00:37]} 9. Bg5 {[%emt 0:06:38]} h6 {[%emt 0:00:09]} 10. Bh4 {[%emt 0:02:48]} Nbd7 {[%emt 0:02:54]} 11. g4 {[%emt 0:03:48]} Bg6 {[%emt 0:00:06]} 12. Nd2 {[%emt 0:10:25]} c6 {[%emt 0:02:30]} 13. O-O-O {[%emt 0:03:07]} b5 {[%emt 0:01:48]} 14. Ba2 {[%emt 0:02:48]} Nc5 {[%emt 0:00:35]} 15. f3 {[%emt 0:03:04]} a5 {[%emt 0:00:35]} 16. Nb3 {[%emt 0:04:00]} Nb7 {[%emt 0:00:09]} 17. Bf2 {[%emt 0:03:29]} Nd7 {[%emt 0:04:46]} 18. h4 {[%emt 0:01:13]} a4 {[%emt 0:00:03]} 19. Nd2 {[%emt 0:01:56]} Nbc5 {[%emt 0:00:25]} 20. Nf1 {[%emt 0:01:50]} Qe7 {[%emt 0:02:17]} 21. Ne3 {[%emt 0:04:02]} Nxe4 {[%emt 0:06:24]} 22. fxe4 {[%emt 0:01:13]} Bxe4 {[%emt 0:00:08]} 23. Nf5 {[%emt 0:01:20]} Bxf5 {[%emt 0:00:03]} 24. gxf5 {[%emt 0:00:24]} d5 {[%emt 0:00:15]} 25. Be3 {[%emt 0:04:53]} Kh7 {[%emt 0:01:51]} 26. Rdg1 Rg8 27. Qd3 e4 28. Qd2 Ne5 29. Qf2 Nf3 30. Rg3 Qe5 31. Rg5 f6 32. Rh5 Qe8 33. Rg5 fxg5 34. hxg5 Qe5 35. gxh6 g5 36. fxg6+ Rxg6 37. Bd4 Qg5+ 38. Be3 Qg2 39. Qxg2 Rxg2 40. Kd1 Rf8 41. b3 Ra8 42. b4 Rf8 43. Rf1 Rf5 44. Rf2 Rg1+ 0-1

[Event "GX Alekhine Open de Inverno 2023"]
[Site "Lisboa, Portugal"]
[Date "????.??.??"]
[Round "6.2"]
[White "Curado, Manuel Joao Ferro"]
[Black "Silva, LourenÃ§o Santa Clara Co"]
[Result "0-1"]
[WhiteElo "1713"]
[BlackElo "1749"]
[PlyCount "54"]
[Source "Analyze This Pro"]

1. d4 Nf6 {[%emt 0:00:05]} 2. c4 {[%emt 0:00:07]} g6 {[%emt 0:00:05]} 3. Nc3 {[%emt 0:00:10]} Bg7 {[%emt 0:00:04]} 4. g3 {[%emt 0:00:20]} O-O {[%emt 0:00:08]} 5. Bg2 {[%emt 0:00:04]} d6 {[%emt 0:00:05]} 6. Nf3 {[%emt 0:00:28]} Nc6 {[%emt 0:00:08]} 7. O-O {[%emt 0:04:01]} e5 {[%emt 0:00:13]} 8. e4 {[%emt 0:14:36]} exd4 {[%emt 0:04:46]} 9. Nxd4 {[%emt 0:00:39]} Nxd4 {[%emt 0:00:56]} 10. Qxd4 {[%emt 0:00:15]} Re8 {[%emt 0:01:53]} 11. Qd3 {[%emt 0:04:44]} Nd7 {[%emt 0:05:10]} 12. f4 {[%emt 0:10:05]} Nc5 {[%emt 0:01:07]} 13. Qf3 {[%emt 0:02:40]} f5 {[%emt 0:02:40]} 14. exf5 {[%emt 0:13:05]} Bxf5 {[%emt 0:00:37]} 15. g4 {[%emt 0:11:34]} Bd3 {[%emt 0:03:37]} 16. Qd5+ {[%emt 0:09:00]} Kh8 {[%emt 0:00:06]} 17. Rd1 {[%emt 0:01:58]} c6 {[%emt 0:00:44]} 18. Qf3 {[%emt 0:00:42]} Bxc4 {[%emt 0:01:40]} 19. Be3 {[%emt 0:11:35]} Nd3 {[%emt 0:02:11]} 20. Rab1 {[%emt 0:02:51]} Qe7 {[%emt 0:04:14]} 21. Bf2 {[%emt 0:04:58]} Nxf2 {[%emt 0:01:26]} 22. Kxf2 {[%emt 0:00:28]} Qc7 {[%emt 0:06:46]} 23. Bf1 {[%emt 0:05:50]} Qb6+ {[%emt 0:03:53]} 24. Kg2 {[%emt 0:00:02]} Re3 {[%emt 0:00:20]} 25. Qf2 {[%emt 0:00:48]} Bxf1+ {[%emt 0:03:43]} 26. Qxf1 {[%emt 0:00:55]} d5 {[%emt 0:01:44]} 27. Rd3 {[%emt 0:01:20]} Rae8 {[%emt 0:01:23]} 0-1

[Event "GX Alekhine Open de Inverno 2023"]
[Site "Lisboa, Portugal"]
[Date "????.??.??"]
[Round "6.1"]
[White "Gorgojo Freijo, Diego"]
[Black "Ramos, Caetano Da Motta Lima S"]
[Result "0-1"]
[WhiteElo "1874"]
[BlackElo "1655"]
[PlyCount "74"]
[Source "Analyze This Pro"]

1. d4 {[%emt 0:00:16]} d5 {[%emt 0:00:19]} 2. Nf3 {[%emt 0:00:12]} c5 {[%emt 0:00:17]} 3. e3 {[%emt 0:00:31]} Nf6 {[%emt 0:00:08]} 4. c3 {[%emt 0:00:22]} Bg4 {[%emt 0:05:33]} 5. h3 {[%emt 0:08:48]} Bxf3 {[%emt 0:02:11]} 6. Bb5+ {[%emt 0:02:13]} Nc6 {[%emt 0:01:46]} 7. Qxf3 {[%emt 0:01:38]} Qa5 {[%emt 0:05:23]} 8. Bxc6+ {[%emt 0:19:39]} bxc6 {[%emt 0:00:08]} 9. O-O {[%emt 0:02:35]} e6 {[%emt 0:03:30]} 10. Nd2 {[%emt 0:02:32]} Qb6 {[%emt 0:09:06]} 11. dxc5 {[%emt 0:07:42]} Bxc5 {[%emt 0:00:14]} 12. e4 {[%emt 0:01:06]} Qc7 {[%emt 0:08:16]} 13. Re1 {[%emt 0:04:37]} O-O {[%emt 0:02:28]} 14. e5 {[%emt 0:03:50]} Nd7 {[%emt 0:00:15]} 15. Qe2 {[%emt 0:02:40]} f6 {[%emt 0:03:09]} 16. exf6 {[%emt 0:01:48]} Rxf6 {[%emt 0:00:26]} 17. Nf3 {[%emt 0:00:28]} e5 {[%emt 0:08:10]} 18. Be3 {[%emt 0:01:43]} e4 {[%emt 0:05:42]} 19. Nh2 {[%emt 0:03:57]} Bxe3 {[%emt 0:02:01]} 20. Qxe3 {[%emt 0:06:41]} Ne5 {[%emt 0:03:54]} 21. Ng4 {[%emt 0:00:32]} Nxg4 {[%emt 0:00:26]} 22. hxg4 {[%emt 0:00:06]} Raf8 {[%emt 0:03:23]} 23. c4 {[%emt 0:05:53]} Rxf2 {[%emt 0:03:48]} 24. cxd5 {[%emt 0:01:10]} cxd5 {[%emt 0:00:12]} 25. Rac1 {[%emt 0:06:28]} Qe5 {[%emt 0:08:40]} 26. Qxf2 {[%emt 0:05:10]} Rxf2 {[%emt 0:00:06]} 27. Kxf2 {[%emt 0:00:06]} Qxb2+ {[%emt 0:00:09]} 28. Ke3 {[%emt 0:03:29]} Qxa2 {[%emt 0:01:51]} 29. Rc8+ {[%emt 0:00:31]} Kf7 {[%emt 0:00:09]} 30. Rf1+ {[%emt 0:03:04]} Ke6 {[%emt 0:02:29]} 31. Rc6+ {[%emt 0:00:43]} Kd7 {[%emt 0:00:08]} 32. Rfc1 {[%emt 0:01:13]} Qb3+ {[%emt 0:01:17]} 33. Kf4 {[%emt 0:01:36]} Qb8+ {[%emt 0:01:10]} 34. Ke3 {[%emt 0:01:02]} a5 {[%emt 0:02:38]} 35. Kd4 {[%emt 0:00:34]} Qb2+ {[%emt 0:00:22]} 36. R1c3 {[%emt 0:00:35]} Qb7 {[%emt 0:01:11]} 37. R6c5 {[%emt 0:01:30]} Kd6 {[%emt 0:00:29]} 0-1

[Event "GX Alekhine Open de Inverno 2023"]
[Site "Lisboa, Portugal"]
[Date "????.??.??"]
[Round "7.1"]
[White "Ramos, Caetano Da Motta Lima S"]
[Black "Marques, Goncalo Jose Costa Ca"]
[Result "1-0"]
[WhiteElo "1655"]
[BlackElo "1473"]
[PlyCount "45"]
[Source "Analyze This Pro"]

1. e4 {[%emt 0:00:01]} e5 {[%emt 0:00:03]} 2. Nf3 {[%emt 0:00:05]} Nc6 {[%emt 0:00:04]} 3. Bb5 {[%emt 0:00:05]} a6 {[%emt 0:00:04]} 4. Bxc6 {[%emt 0:00:06]} dxc6 {[%emt 0:00:04]} 5. Nc3 {[%emt 0:00:07]} Bd6 {[%emt 0:01:44]} 6. d4 {[%emt 0:02:21]} exd4 {[%emt 0:07:43]} 7. Qxd4 {[%emt 0:00:36]} f6 {[%emt 0:05:58]} 8. Be3 {[%emt 0:06:02]} Be6 {[%emt 0:11:42]} 9. O-O {[%emt 0:04:01]} c5 {[%emt 0:11:04]} 10. Qd2 {[%emt 0:03:58]} Qd7 {[%emt 0:01:42]} 11. Bf4 {[%emt 0:05:08]} O-O-O {[%emt 0:10:12]} 12. Rfd1 {[%emt 0:08:59]} Ne7 {[%emt 0:06:19]} 13. e5 {[%emt 0:08:58]} fxe5 {[%emt 0:02:39]} 14. Bxe5 {[%emt 0:00:41]} Ng6 {[%emt 0:07:54]} 15. Bxd6 {[%emt 0:03:02]} cxd6 {[%emt 0:03:06]} 16. Ne4 {[%emt 0:05:59]} Qc6 {[%emt 0:07:04]} 17. Nfg5 {[%emt 0:03:15]} Bf5 {[%emt 0:11:34]} 18. Nxd6+ {[%emt 0:03:44]} Kc7 {[%emt 0:00:42]} 19. Ngf7 {[%emt 0:00:15]} Rhf8 {[%emt 0:01:27]} 20. Nxd8 {[%emt 0:01:19]} Qd7 {[%emt 0:03:47]} 21. Nxf5 {[%emt 0:00:56]} Qxf5 {[%emt 0:00:07]} 22. f3 {[%emt 0:01:57]} Qc8 {[%emt 0:01:36]} 23. Qd6# {[%emt 0:00:20]} 1-0

[Event "GX Alekhine Open de Inverno 2023"]
[Site "Lisboa, Portugal"]
[Date "????.??.??"]
[Round "7.2"]
[White "Silva, LourenÃ§o Santa Clara Co"]
[Black "Batista, Sandro Manuel Almeida"]
[Result "1-0"]
[WhiteElo "1749"]
[BlackElo "1639"]
[PlyCount "57"]
[Source "Analyze This Pro"]

1. e4 {[%emt 0:00:02]} c5 {[%emt 0:00:04]} 2. Nf3 {[%emt 0:00:05]} d6 {[%emt 0:00:05]} 3. d4 {[%emt 0:00:04]} cxd4 {[%emt 0:00:11]} 4. Nxd4 {[%emt 0:00:05]} Nf6 {[%emt 0:00:07]} 5. Nc3 {[%emt 0:00:04]} a6 {[%emt 0:00:04]} 6. Bg5 {[%emt 0:00:03]} e6 {[%emt 0:00:45]} 7. f4 {[%emt 0:00:05]} Be7 {[%emt 0:00:06]} 8. Qf3 {[%emt 0:00:04]} Nbd7 {[%emt 0:00:30]} 9. O-O-O {[%emt 0:00:10]} Rb8 {[%emt 0:03:52]} 10. Bd3 {[%emt 0:00:42]} O-O {[%emt 0:01:04]} 11. g4 {[%emt 0:05:51]} Nc5 {[%emt 0:02:03]} 12. e5 {[%emt 0:08:29]} Ne8 {[%emt 0:04:23]} 13. Bxe7 {[%emt 0:02:22]} Qxe7 {[%emt 0:00:02]} 14. Ne4 {[%emt 0:01:25]} dxe5 {[%emt 0:02:39]} 15. fxe5 {[%emt 0:00:21]} Nd7 {[%emt 0:02:08]} 16. Qg3 {[%emt 0:00:48]} Qb4 {[%emt 0:01:55]} 17. Ng5 {[%emt 0:04:33]} h6 {[%emt 0:02:00]} 18. Ngf3 {[%emt 0:04:31]} Nc5 {[%emt 0:02:38]} 19. g5 {[%emt 0:01:30]} Nxd3+ {[%emt 0:00:14]} 20. Rxd3 {[%emt 0:00:07]} h5 {[%emt 0:00:10]} 21. g6 {[%emt 0:00:36]} Qe7 {[%emt 0:02:34]} 22. Rg1 {[%emt 0:03:31]} Bd7 {[%emt 0:01:59]} 23. Qh3 {[%emt 0:01:44]} Bb5 {[%emt 0:01:54]} 24. Rd2 {[%emt 0:02:43]} fxg6 {[%emt 0:01:53]} 25. Rxg6 {[%emt 0:00:10]} Qf7 {[%emt 0:01:39]} 26. Qxh5 {[%emt 0:00:49]} Bc6 {[%emt 0:00:38]} 27. Ng5 {[%emt 0:06:31]} Qf1+ {[%emt 0:01:02]} 28. Rd1 {[%emt 0:00:06]} Qf4+ {[%emt 0:00:26]} 29. Kb1 {[%emt 0:00:09]} 1-0